000
00209 a2200097 4500
001
3910
100
_a
Hartog, J
245
_a
Advanced strength of materials
260
_a
_b
Mcgrawhill
_c
090
_c
3140
_d
3140
942
_a
NUST-CAE
_c
M
_c
23781
999
_c
238983
_d
238983